000
00225nam a2200109Ia 4500
100
_a
#N/A
650
_a
Computers
942
_c
BK
245
_a
3D STUDIO FOR BEGINNERS FROM THE MASTERS
260
_b
ComDex
546
_a
ENGLISH
999
_c
22451
_d
22451